UK True or False - Statistics

General Stats
  • This quiz has been taken 170 times
    161 since last reset
  • The average score is 10 of 13
Answer Stats
Question Answer % Correct
The capital of Scotland is Edinburgh True
96%
The capital of England is London True
96%
The UK is only made up of Scotland, England and Wales False
94%
Each country in the UK has its own Capital City True
93%
The capital of Wales is Newport False
90%
The capital of Northern Ireland is Belfast True
90%
Ayr is in England False
76%
Aberdeen is nicknamed the "Granite city" True
73%
Stonehenge is older than the pyramids True
65%
The 2nd most populated city in the UK is Manchester False
59%
The 4th most populated city in the UK is Liverpool True
54%
Hawick is in England False
44%
Aberdeen is nicknamed the "Silver city" True
24%
No matching quizzes found
Score Distribution
Percent of People with Each Score
Percentile by Number Answered
Your Score History
You have not taken this quiz since the last reset